Jean-Marie : (Registro nro. 170301)

Detalles MARC
000 -LEADER
campo de control de longitud fija 00497nam a22001575i 4500
001 - NÚMERO DE CONTROL
campo de control 170301
003 - IDENTIFICADOR DE NÚMERO DE CONTROL
campo de control ES-MaACL
005 - FECHA Y HORA DE LA ÚLTIMA TRANSACCIÓN
campo de control 20230906214340.0
008 - DATOS DE LONGITUD FIJA--INFORMACIÓN GENERAL
campo de control de longitud fija 090223q1883 fr 000 d fre d
080 ## - NÚMERO DE LA CLASIFICACIÓN DECIMAL UNIVERSAL
Número de la Clasificación Decimal Universal 821.133.1-2"18"
100 1# - ENTRADA PRINCIPAL--NOMBRE DE PERSONA
Nombre de persona Theuriet, André.
9 (RLIN) 109911
245 10 - MENCIÓN DEL TÍTULO
Título Jean-Marie :
Resto del título drame en un acte, en vers /
Mención de responsabilidad, etc. Andre Theuriet.
260 ## - PUBLICACIÓN, DISTRIBUCIÓN, ETC.
Lugar de publicación, distribución, etc. Paris :
Nombre del editor, distribuidor, etc. Alphonse Lemerre,
Fecha de publicación, distribución, etc. [ca. 1883]
300 ## - DESCRIPCIÓN FÍSICA
Extensión 35 p. ;
Dimensiones 19 cm.
852 4# - LOCALIZACIÓN
Ubicación ES-MaACL
Número de control de estantería 2248-F-25
Nota libre - Biblioteca Jacinto Martínez Lacalle
Existencias
Estatus retirado Estado de pérdida Estado de daño No para préstamo Colección Biblioteca de origen Biblioteca actual Ubicación en estantería Fecha de adquisición Fuente de adquisición Total de préstamos Signatura topográfica completa Código de barras Visto por última vez Precio de reemplazo Tipo de ítem Koha
        Colección de folletos Biblioteca del Ateneo de Madrid Biblioteca del Ateneo de Madrid Depósito folletos 23/02/2009     2248-F-25 1178788 23/02/2023 23/02/2023 Folleto